[Event "EU-Cup 02nd semifinal"]
[Site "Solingen "]
[Date "1979.??.??"]
[Round "4.1"]
[White "Smyslov, Vassily V"]
[Black "Kavalek, Lubomir"]
[Result "0-1"]
[WhiteElo "2560"]
[BlackElo "2590"]
[Annotator "Primel,D"]
[PlyCount "104"]
[EventDate "1979.??.??"]
[EventType "team-match"]
[EventRounds "2"]
[EventCountry "GER"]
[SourceTitle "EXT 2012"]
[Source "ChessBase"]
[SourceDate "2011.11.24"]
[SourceVersion "1"]
[SourceVersionDate "2011.11.24"]
[SourceQuality "1"]
[WhiteTeam "Burevestnik"]
[BlackTeam "Solingen SG"]
[WhiteTeamCountry "URS"]
[BlackTeamCountry "GER"]

1. e4 c5 2. Nc3 Nc6 3. g3 {L'ancien Champion du Monde était un spécialiste de
la sicilienne fermée} g6 4. Bg2 Bg7 5. d3 d6 6. Nh3 (6. Be3) (6. f4) 6... e6 7.
Bg5 Nge7 8. Qd2 Nd4 $146 (8... h6 {Hulak,K-Antonov,V Varna Juniors 2th 1970 (6)
1-0}) 9. O-O O-O 10. Bh6 {Après le oo des Blancs, cette attaque est moins
efficace} Bxh6 $1 11. Qxh6 f6 $132 {[%csl Rh3]} 12. Qd2 e5 {[%csl Gc8]} 13. f4
Be6 (13... Qa5 $5) 14. Nd5 Qd7 $1 {[%cal Ge6h3]} 15. Nxe7+ $6 {Elimine la
seule pièce active des Blancs} Qxe7 16. c3 Nc6 17. Kh1 Qd7 18. Nf2 Kg7 19. a3
a5 20. Rae1 Rad8 {[%cal Gd6d5] Les pièces noires deviennent trés actives} 21.
Qe3 b6 22. h3 d5 $1 23. fxe5 Nxe5 24. d4 cxd4 25. cxd4 Nc4 $17 26. Qe2 dxe4 27.
Nxe4 Bd5 {[%csl Rd4,Gd5]} 28. Qf2 Nd6 29. Nxd6 Qxh3+ $1 (29... Qxd6) 30. Kg1
Bxg2 31. Re7+ Kg8 32. Qxg2 Qxg2+ 33. Kxg2 Rxd6 {[%csl Rd4][%cal Gd6d4,Gd6b6]}
34. Rh1 Rf7 $1 35. Rxf7 Kxf7 36. Rxh7+ Ke6 37. Rb7 Kd5 $40 {[%csl Gd5,Rg2]} 38.
b4 $6 axb4 39. axb4 Kc6 40. Rg7 g5 41. Rf7 Kb5 42. Kf3 Kc4 43. Ke4 (43. Ke3
Re6+ 44. Kf3 Kxd4 45. Kg4) 43... Rxd4+ 44. Kf5 Rd5+ 45. Kxf6 Kxb4 46. Ke6 Rd3
47. Rb7 b5 48. g4 Rd4 49. Kf5 Rd5+ 50. Ke4 Kc4 $19 {[%cal Gd5c5,Gb5b4]} 51. Rb8
Rc5 52. Ke3 Kc3 0-1

[Event "FRA-ch 55th"]
[Site "Puteaux"]
[Date "1980.08.20"]
[Round "1"]
[White "Roos, Daniel"]
[Black "Leski, Marc"]
[Result "1-0"]
[WhiteElo "2380"]
[BlackElo "2370"]
[Annotator "Primel,D"]
[PlyCount "121"]
[EventDate "1980.08.20"]
[EventType "swiss"]
[EventRounds "11"]
[EventCountry "FRA"]
[SourceTitle "EXT 2014"]
[Source "ChessBase"]
[SourceDate "2013.11.20"]
[SourceVersion "1"]
[SourceVersionDate "2013.11.20"]
[SourceQuality "1"]

1. e4 d6 2. Nc3 g6 3. g3 Bg7 4. Bg2 c5 5. d3 Nc6 6. f4 e6 7. Nf3 Nge7 8. O-O
O-O 9. Be3 Nd4 10. Qd2 (10. e5 Bd7 11. Ne4 Nef5 12. Bf2) 10... Qa5 (10... Rb8 {
[%cal Gb7b5,Gb5b4]} 11. Nd1) 11. Nd5 Nec6 12. Qxa5 (12. Ne7+ Kh8 13. Nxc8 Raxc8
14. c3) 12... Nxa5 13. Bxd4 cxd4 {[%csl Rc2]} 14. Nc7 Rb8 15. Nb5 Rd8 (15... e5
16. Nxa7 Bd7 17. a4) 16. Nbxd4 Nc6 17. c3 Nxd4 18. Nxd4 Bxd4+ $6 19. cxd4 Bd7
20. Rac1 Rbc8 21. Kf2 Bc6 22. Ke3 $16 {[%csl Ge3,Rg8][%cal Gc1c3,Gf1c1,Gd4d5]}
Kf8 23. Kd2 (23. Rc3 Ke7 24. Rfc1 d5 25. h4 h5 26. Rc5 {[%cal Gb2b4,Gb4b5]})
23... Ke7 24. Rc3 b6 25. Rfc1 Bb7 26. Bh3 Rxc3 27. bxc3 d5 28. Bg2 (28. Ke3)
28... h6 29. Ke3 Kd6 30. c4 Rc8 31. Kd2 Rc7 32. Bf3 Rc8 33. c5+ Kd7 34. Rb1 Ba8
35. exd5 exd5 36. Rc1 Rc7 37. Bg4+ Kd8 38. Rb1 Ke7 39. Bd1 Bc6 40. a4 Rb7 41.
Kc3 Kf6 42. Rb2 Ke7 43. h4 Kf6 44. Re2 Re7 45. Re5 Rc7 46. Bb3 Rd7 47. g4 Kg7
48. Re8 Kf6 49. Rc8 Bb7 50. Rb8 Rc7 51. Kb4 $40 g5 52. cxb6 axb6 53. hxg5+ hxg5
54. f5 {[%cal Gb4b5]} Kg7 55. Bd1 (55. Kb5 Rc3 56. Bd1 Rxd3 57. Bc2 Rc3 58.
Rxb7 Rxc2 59. Rxb6 Rg2 60. a5 $18) 55... Ba6 56. Rxb6 Bxd3 57. Bb3 Rd7 58. a5
$18 Be2 59. a6 Bxg4 60. Rb7 Rd8 61. a7 1-0

[Event "St Maxime-01"]
[Site "St Maxime"]
[Date "1981.10.??"]
[Round "?"]
[White "Roos, Louis"]
[Black "Arlandi, Ennio"]
[Result "0-1"]
[WhiteElo "2370"]
[BlackElo "2330"]
[Annotator "Primel,D"]
[PlyCount "78"]
[EventDate "1981.10.01"]
[EventType "tourn"]
[EventRounds "13"]
[EventCountry "FRA"]
[EventCategory "3"]
[SourceTitle "EXT 2018"]
[Source "ChessBase"]
[SourceDate "2017.10.13"]
[SourceVersion "1"]
[SourceVersionDate "2017.10.13"]
[SourceQuality "1"]

1. e4 c5 2. Nc3 Nc6 3. g3 g6 4. Bg2 Bg7 5. d3 d6 6. f4 e6 7. Nf3 Nge7 8. O-O
O-O 9. Be3 Nd4 10. Qd2 Bd7 11. Qf2 Nxf3+ $146 (11... Nec6 12. Nd1 Nxf3+ 13.
Bxf3 f5 14. c3 Rc8 15. Qd2 Qa5 16. Nf2 Rc7 17. a3 Ne7 18. e5 dxe5 19. b4 Qa6
20. Bxc5 Bc6 21. Bxc6 Qxc6 22. fxe5 Bxe5 23. Rae1 Bf6 24. Qa2 Kf7 25. Nh3 Re8
26. Bd4 Qd5 27. Qd2 Bxd4+ 28. cxd4 Qxd4+ 29. Rf2 Nd5 30. Qh6 Nf6 31. Ng5+ Kg8
32. Nxe6 Rxe6 33. Rxe6 Qxf2+ {0-1 (33) Zinn,L (2435)-Garcia Gonzales,G (2470)
Leipzig 1973}) 12. Bxf3 Bc6 13. d4 b6 14. Rad1 Qc7 15. Qg2 $6 {[%csl Rg2]} f5
$1 16. Bf2 Rad8 17. Rfe1 Rfe8 18. e5 (18. d5) 18... cxd4 19. Bxc6 Qxc6 20. Bxd4
Qxg2+ 21. Kxg2 Nc6 22. Nb5 Nxd4 23. Rxd4 dxe5 24. fxe5 Rxd4 25. Nxd4 Kf7 26.
Nf3 Rd8 27. Kf2 h6 28. h4 Rd5 {[%csl Re5]} 29. Re3 (29. c4) 29... Rc5 {[%csl
Re5] Les Noirs ont une bonne finale} 30. c3 Ke7 31. Ke2 (31. b4 Rc4 32. Ke2 Kd7
33. Kd3 $132) 31... g5 32. hxg5 hxg5 33. b4 Rd5 34. Nd4 Kd7 35. g4 Rxe5 36.
Rxe5 Bxe5 37. gxf5 Bxd4 38. fxe6+ Kxe6 39. cxd4 Kd5 0-1

[Event "Sautron op 15th"]
[Site "Sautron"]
[Date "2015.10.24"]
[Round "7.9"]
[White "Lejarre, Ludovic"]
[Black "Navrotescu, Catalin"]
[Result "1/2-1/2"]
[WhiteElo "2342"]
[BlackElo "2366"]
[Annotator "RR"]
[PlyCount "49"]
[EventDate "2015.10.24"]
[EventType "swiss"]
[EventRounds "9"]
[EventCountry "FRA"]
[SourceTitle "CBM 169 Extra"]
[Source "ChessBase"]
[SourceDate "2015.12.18"]
[SourceVersion "1"]
[SourceVersionDate "2015.12.18"]
[SourceQuality "1"]
[TimeControl "40/5400+30:1800+30"]
[WhiteClock "0:14:20"]
[BlackClock "0:16:49"]

1. e4 {[%emt 0:00:00]} c5 {[%emt 0:00:00]} 2. Nc3 {[%emt 0:00:00]} g6 {[%emt 0:
00:12] Un ordre de coups qui évite l'attaque grand-prix jouée par le rennais}
(2... Nc6 3. f4 g6 4. Nf3 Bg7 5. Bb5 {Lejarre,L (2216)-Bollengier,T (2168)
FRA-chT2W 0203 2002 (6) 1-0}) 3. g3 {[%emt 0:02:24]} (3. f4 Bg7 4. Nf3 e6 5.
Bc4 Nc6 (5... Ne7 {[%cal Gd7d5]}) 6. O-O Nge7) 3... Bg7 {[%emt 0:00:08]} 4. Bg2
{[%emt 0:00:05]} Nc6 {[%emt 0:00:23]} 5. d3 {[%emt 0:00:07]} e5 {[%emt 0:01:31]
} (5... e6 {L'alternative}) 6. f4 {[%emt 0:01:35]} d6 {[%emt 0:03:18]} 7. Nh3 {
[%emt 0:08:41]} (7. Nf3 {La grande ligne}) 7... Nge7 {[%emt 0:09:43]} (7...
exf4) (7... h5 $5) 8. O-O {[%emt 0:01:17]} Nd4 {[%emt 0:00:05]} 9. Be3 {
[%emt 0:13:41]} (9. f5 $5 gxf5 10. Qh5) 9... O-O {[%emt 0:11:48]} 10. Qd2 {
[%emt 0:13:47]} Bg4 {[%emt 0:22:20]} (10... Bd7 11. Nd1 Qc8 12. Ndf2 Ndc6 13.
c3 b5 14. fxe5 Nxe5 15. Bh6 N7c6 16. Bxg7 Kxg7 17. Nf4 Qd8 18. Rad1 Rc8 19. Qe2
h5 20. d4 cxd4 21. cxd4 Ng4 22. h3 Nxf2 23. Qxf2 Ne7 24. Rd3 b4 25. Rf3 Qe8 26.
g4 hxg4 27. hxg4 Bb5 28. Re1 Qd8 29. g5 Qb6 30. Bh3 Rcd8 31. Be6 Be8 32. Nd5
Nxd5 33. Bxd5 {1-0 (33) Carlsen,M (2877)-Wojtaszek,R (2735) Tromso 2014}) (
10... Rb8 11. Rae1 $32 (11. Rf2 f6 {[%csl Gg5,Rh3]})) 11. Ng5 {[%emt 0:06:23]}
(11. Kh1 Qd7 12. Ng1) 11... f6 {[%emt 0:02:24]} 12. Nf3 {[%emt 0:06:45]} Qd7
$11 {[%emt 0:01:30]} 13. Rf2 {[%emt 0:01:49]} b5 {[%emt 0:03:41] Il est plus
facile pour les Noirs de progresser à l'aile-dame alors que l'attaque blanche
à l'aile-roi est bloquée} 14. Raf1 {[%emt 0:06:58]} b4 {[%emt 0:01:28]} 15.
Nd1 {[%emt 0:03:06]} Rab8 {[%emt 0:03:11]} (15... a5) 16. c3 {[%emt 0:03:52]}
Nxf3+ {[%emt 0:08:26]} 17. Bxf3 {[%emt 0:00:14]} Be6 {[%emt 0:00:28]} 18. c4 {
[%emt 0:10:13]} exf4 {[%emt 0:01:33]} (18... Nc6 {[%cal Gc6d4]}) 19. Bxf4 {
[%emt 0:01:10]} Nc6 {[%emt 0:00:17]} 20. Bg2 {[%emt 0:00:37]} Nd4 $15 {[%emt 0:
00:34]} 21. h4 {[%emt 0:01:44]} Rf7 {[%emt 0:05:19]} 22. Ne3 {[%emt 0:00:55]}
Rbf8 {[%emt 0:00:14]} 23. Nd5 {[%emt 0:01:13]} Bxd5 {[%emt 0:06:23]} 24. cxd5 {
[%emt 0:01:04]} f5 {[%emt 0:00:15]} 25. Bh3 1/2-1/2

[Event "GER-ch 85th"]
[Site "Verden/Aller"]
[Date "2014.11.23"]
[Round "3"]
[White "Bastian, Herbert"]
[Black "Svane, Rasmus"]
[Result "0-1"]
[WhiteElo "2317"]
[BlackElo "2509"]
[Annotator "Schulz,Andre"]
[PlyCount "68"]
[EventDate "2014.11.21"]
[EventType "swiss"]
[EventRounds "9"]
[EventCountry "GER"]
[SourceTitle "CBM 163 Extra"]
[Source "ChessBase"]
[SourceDate "2014.12.23"]
[SourceVersion "1"]
[SourceVersionDate "2014.12.23"]
[SourceQuality "1"]

1. e4 c5 2. Nc3 Nc6 3. g3 g6 4. Bg2 Bg7 5. d3 d6 6. Bg5 $5 ({Üblich sind} 6.
Be3) ({oder} 6. f4) 6... Rb8 ({Eine alte Vorgängerpartie verlief so:} 6... h6
7. Be3 h5 8. h3 Bd7 9. Qd2 Nd4 10. Nd1 e5 11. c3 Nc6 12. Ne2 f5 13. d4 Qe7 14.
Bg5 Bf6 15. Bxf6 Nxf6 16. exf5 gxf5 17. Ne3 O-O-O 18. d5 Nb8 19. Qc2 Qh7 20.
O-O-O Rhg8 21. Rdg1 Na6 22. Bf1 Nc7 23. c4 Rg7 24. h4 Na6 25. a3 Rdg8 26. Bh3
Ng4 27. Nd1 Qh6+ 28. Qd2 Qxd2+ 29. Kxd2 Nf6 30. Ne3 Ng4 31. Nd1 Kc7 32. b3 b5
33. cxb5 Bxb5 34. Nec3 Bd7 35. Bf1 Kb6 36. Rg2 Nf6 37. Ne3 Nb8 38. Rhg1 Kc7 39.
Bd3 e4 40. Bb5 Ng4 41. Bxd7 Nxe3 42. fxe3 Kxd7 43. Rf1 Rxg3 44. Rxg3 Rxg3 45.
Rxf5 Rg2+ 46. Ne2 Ke7 47. Rxh5 Nd7 48. Rh7+ Kd8 49. Rh6 Kc7 50. h5 Ne5 51. Rh7+
Kb6 52. h6 Rh2 53. Rh8 Nf7 54. Rb8+ Kc7 55. Re8 Ng5 56. Re7+ Kd8 57. Rxa7 Nf3+
58. Kd1 Rxh6 59. Nf4 Rh1+ 60. Kc2 Re1 {1/2-1/2 (59) Lasker,E-Bird,H Liverpool
1890}) 7. Nf3 ({Hier wurde zumeist} 7. Nge2 {gespielt.}) 7... b5 8. a3 ({
In der einzigen Vorgängerpartie mit dieser Variante geschah:} 8. Qc1 b4 9. Nd1
Bg4 10. h3 Be6 11. Be3 Qc8 12. Nd2 Nf6 13. f4 O-O 14. Nf3 Ne8 15. g4 Nc7 16. f5
Bd7 17. Bh6 Bh8 18. h4 Ne5 19. Nf2 Nb5 20. h5 c4 21. hxg6 fxg6 22. Bxf8 Qxf8
23. Nxe5 Bxe5 24. dxc4 Nd4 25. c3 bxc3 26. bxc3 Nc6 27. Rh3 Qg7 28. Bf1 e6 29.
Nd1 gxf5 30. exf5 exf5 31. Qh6 Bg3+ 32. Ke2 Re8+ 33. Kd3 Qxh6 34. Rxh6 fxg4 35.
Ne3 Bf4 36. Rf6 Rxe3+ {0-1 (36) Komarov,A-Omelchenko,L Ozery 1997}) 8... Nf6 9.
O-O h6 10. Bd2 Bg4 11. h3 Bd7 12. Be3 Qc8 {Lockt den König nach h2.} 13. Kh2
e5 14. Qd2 Nd4 15. Ng1 ({Natürlicher sieht} 15. Ne1 {aus.}) 15... a5 16. f4 b4
17. axb4 axb4 18. Nce2 $2 {Danach stehen sich die weißen Springer im Weg.} ({
Nach} 18. Nd5 {kann Weiß die Balance noch halten.}) 18... h5 19. fxe5 (19. Nf3
{hilft nicht mehr:} Ng4+ 20. hxg4 (20. Kg1 Nxe3 21. Qxe3 Nxc2 $19) 20... Nxf3+
21. Bxf3 hxg4+ $17) 19... Ng4+ 20. hxg4 (20. Kh1 Nxc2 $19) 20... hxg4+ 21. Bh3
Nf3+ (21... dxe5 $17) 22. Nxf3 gxf3 23. Kg1 (23. Rxf3 Bxh3 (23... Rxh3+ $2 24.
Kg2 Bxe5 $11) 24. Kg1 Bxe5 {und Schwarz steht überlegen, z.B.:} 25. c3 Bg4 26.
Rff1 bxc3 27. bxc3 Bxe2 28. Qxe2 Bxg3 $19) 23... Rxh3 (23... fxe2 24. Bxd7+
Qxd7 25. Qxe2 Bxe5 $17) 24. Nf4 $2 ({Nicht toll, aber besser war noch} 24. Rxf3
Bg4 25. Rf2 Bxe2 26. Qxe2 Rxg3+ 27. Rg2 Rxg2+ 28. Kxg2 Bxe5 $17) 24... Rxg3+
25. Kh2 Rg4 26. Rxf3 Bxe5 27. Kh1 Rh4+ (27... Bc6 {mit der Idee} 28. Z0 f5 $19)
28. Kg1 Bg4 29. Rf2 Bxb2 30. Raf1 Bc3 31. Qc1 Bh3 32. Ng2 Bxg2 33. Rxg2 Ra8 34.
Qd1 Ra1 (34... Ra1 35. Qe2 Rxf1+ 36. Qxf1 Rh1+ 37. Kxh1 Qh3+ 38. Kg1 Qxe3+ 39.
Rf2 Be1 $19) 0-1

[Event "CSR-chT"]
[Site "Czechoslovakia"]
[Date "1992.??.??"]
[Round "?"]
[White "Langner, Ladislav"]
[Black "Stohl, Igor"]
[Result "0-1"]
[WhiteElo "2345"]
[BlackElo "2560"]
[Annotator "Stohl,I"]
[PlyCount "60"]
[EventDate "1992.??.??"]
[EventType "team"]
[EventRounds "13"]
[EventCountry "CSR"]
[SourceTitle "CBM 033"]
[Source "ChessBase"]
[SourceDate "1993.04.01"]
[SourceVersion "1"]
[SourceVersionDate "1993.04.01"]
[SourceQuality "1"]

1. e4 c5 2. Nc3 d6 3. f4 Nc6 4. Nf3 g6 5. g3 (5. Bb5 Bd7 6. O-O Bg7 7. d3 a6 8.
Bxc6 Bxc6 9. a4 b6 10. Qe1 Qd7 11. h3 f5 12. Bd2 Nf6 13. e5 Nh5 $1 14. exd6
Qxd6 15. Ne5 Bb7 16. Kh2 O-O 17. Qe2 $13 {Jansa,V-Stohl,I,Prague Chip 1992-CBM
27}) 5... Bg7 6. Bg2 e6 7. O-O Nge7 8. d3 O-O 9. Be3 Nd4 10. e5 dxe5 $5 {N} (
10... Qb6 $6 11. Rb1 Nef5 12. Bf2 Nxf3+ 13. Bxf3 dxe5 14. fxe5 Bxe5 15. Ne4 $1
Bd4 16. Qe2 Bxf2+ 17. Qxf2 c4 18. dxc4 Qxf2+ 19. Rxf2 Rd8 20. c5 $16 {_|_ץc8,
Balashov,Y-Stohl,I,Albena 1989}) (10... Bd7 {Adorjan} 11. Nxd4 cxd4 12. Bxd4
Bc6 13. Ne4 $1 dxe5 14. Bxe5 Bxe5 15. fxe5 Qd4+ 16. Kh1 $14) 11. Nxe5 (11. fxe5
$5 Nef5 12. Bf2 Rb8 $5 13. Ne4 b6 14. Nf6+ (14. Nxd4 cxd4 15. g4 Nh4 16. Bxh4
Qxh4 17. Nf6+ Bxf6 18. Rxf6 Bb7 $132) 14... Bxf6 15. exf6 Qxf6 16. Nxd4 (16. g4
Nd6 17. Nxd4 {-16.Nxd4}) 16... cxd4 $8 17. g4 Nd6 18. Bg3 Qe7 19. Be5 f6 $1 20.
Bxd4 e5 21. Bc3 Bb7 $10 (21... Nb5 $5 $13)) 11... Rb8 $8 12. Ne4 b6 13. c3 Ndf5
14. Bf2 Bb7 $6 (14... Qc7 $142 15. g4 Nd6 $132 (15... Nd5 $5 16. gxf5 exf5 $146
{/\Nf4})) 15. Nc4 $6 (15. Qa4 $142 $1 Nd5 $13 {/\Nde3} (15... Qc7 $6 16. g4 Nd6
17. Qd7 $1 $16) (15... f6 16. Nd7 $1 b5 (16... Bc6 17. Nexf6+ Bxf6 18. Bxc6 $16
) (16... Qe8 17. Nexf6+ $1 Bxf6 18. Nxf6+ Rxf6 19. Qxe8+ Rxe8 20. Bxb7 $16) 17.
Qxa7 (17. Qxb5 $6 Bxe4 $15) 17... Nc6 $8 (17... Qxd7 $2 18. Nxc5 $16) 18.
Nexf6+ $1 $8 Bxf6 19. Bxc6 Bxc6 20. Nxb8 Qxb8 21. Qxb8 Rxb8 22. Bxc5 $14) (
15... Kh8 $5 {/\} 16. g4 f6 17. gxf5 exf5 $13)) 15... Nd5 16. Qe1 Qc7 17. Rd1
Rbd8 $15 18. Kh1 (18. g4 $2 Nxf4 19. gxf5 Nxg2 20. Kxg2 exf5 $19) 18... Rfe8
19. Bg1 h6 {/\Nfe7,f5} 20. Qf2 $2 (20. Qe2 $15) 20... b5 $1 (20... Ba8 21. g4
Nfe7 $15) 21. g4 (21. Nxc5 Ba8 $17 {/\Nde3}) (21. Qxc5 bxc4 22. dxc4 Qxc5 23.
Nxc5 Nde3 $1 $19) 21... bxc4 22. gxf5 exf5 23. Nxc5 (23. dxc4 $142 Nxf4 $1 (
23... fxe4 24. cxd5 e3 25. Qe2 Ba6 26. Qxa6 e2 27. d6 $146) 24. Rxd8 Rxd8 (
24... Qxd8 25. Nf6+ $1 Bxf6 26. Bxb7 $15) 25. Qxf4 Qxf4 26. Rxf4 fxe4 27. Bxc5
(27. Bxe4 g5 28. Rg4 h5 $19) 27... f5 $17 {/\Be5,f4}) 23... Ba8 24. Na6 (24.
dxc4 Ne3 $17) (24. Qg3 Re2 $1 $17) (24. Qd2 Bf8 $1 25. d4 Bxc5 26. dxc5 Nxf4
$19) 24... Qc6 25. Qxa7 (25. Nb4 Nxb4 26. cxb4 Rxd3 $19) 25... Nxc3 $1 26. Qxa8
$8 (26. Bxc6 $4 Bxc6+ $19) (26. Rd2 Ne4 $1 $19) 26... Qxa8 27. Bxa8 Nxd1 28.
Nc7 (28. Bc6 Re6 $19) (28. Rxd1 Rxd3 $1 (28... Rxa8 $2 29. Nc7 $132) 29. Rxd3
$8 cxd3 30. Bf3 Re1 31. Kg2 $8 Bxb2 32. Nb4 d2 33. Nd3 d1=Q 34. Bxd1 Rxd1 35.
Nxb2 Rd2+ $19) 28... Nxb2 29. Nxe8 Rxe8 30. Bc6 Rc8 (30... Rc8 31. Bd7 Rd8 $19
{[Stohl]}) 0-1

[Event "Olympiad-23"]
[Site "Buenos Aires"]
[Date "1978.11.10"]
[Round "14"]
[White "Spassky, Boris Vasilievich"]
[Black "Timman, Jan H"]
[Result "1/2-1/2"]
[WhiteElo "2630"]
[BlackElo "2585"]
[Annotator "Timman,J"]
[PlyCount "55"]
[EventDate "1978.10.25"]
[EventType "team-swiss"]
[EventRounds "14"]
[EventCountry "ARG"]
[SourceTitle "EXT 2002"]
[Source "ChessBase"]
[SourceDate "2001.11.25"]
[SourceVersion "1"]
[SourceVersionDate "2001.11.25"]
[SourceQuality "1"]
[WhiteTeam "Soviet Union"]
[BlackTeam "Netherlands"]
[WhiteTeamCountry "URS"]
[BlackTeamCountry "NED"]

{Inf.26/329} 1. e4 c5 2. Nc3 Nc6 3. g3 g6 4. Bg2 Bg7 5. d3 d6 6. f4 e5 7. Nh3
Nge7 8. O-O Nd4 9. Rf2 $5 h6 $2 (9... O-O 10. f5 gxf5 11. Qh5 f6 12. exf5 d5
13. g4 Qd6 14. Be3 Bd7 15. Raf1 Rac8 16. g5 {Lorenz-Glienke, Germany 1989}) (
9... exf4) 10. Be3 exf4 (10... Be6 11. g4 $1 exf4 12. Nxf4 Qd7 13. h3 $16) 11.
Nxf4 O-O 12. Qd2 f5 13. Raf1 Kh7 14. Ncd5 fxe4 (14... Nxd5 15. exd5 $16) 15.
Bxe4 (15. Nxe7 $5 Qxe7 16. Nxg6 Kxg6 17. Rxf8 Bxf8 18. Bxe4+ Bf5 19. Bxd4 Bxe4
20. Bf6 Qe6 21. dxe4 $16) 15... Bf5 16. c3 Ndc6 17. Bxf5 (17. Nxe7 $2 Qxe7 $2 (
17... Bxe4 $1 18. Nxc6 Bxc6 19. Ne6 Rxf2 20. Rxf2 Qg8 21. Nxg7 Qd5 $1 22. Kf1
Kxg7 23. Bxh6+ Kh7 $44) 18. Bxf5 Rxf5 19. Nxg6 $1 $18) 17... Rxf5 18. Nxe7 Nxe7
19. g4 $1 Rf6 20. d4 $1 $16 {[/\ d5, c4+/- ><e6]} Qc8 21. h3 b5 22. Qd3 Qc6 (
22... c4 23. Qe4 $1 $18) 23. d5 Qb7 24. b3 Rxf4 $8 25. Bxf4 Nxd5 26. Bxd6 $5 (
26. Bd2 $16) 26... Qc6 27. Bf8 Bf6 $8 28. c4 $2 $138 (28. Rxf6 $1 Nxf6 29. Be7
Qe4 (29... Nd5 30. Rf7+ Kg8 31. Rf6 $1 $18) 30. Qf3 $1 Qxf3 31. Rxf3 Ne4 32.
Re3 $18) (28. c4 bxc4 29. bxc4 Bd4 30. Kh2 (30. Qf3 Qf6 $1 $11) 30... Be5+ 31.
Kg1 Bd4 $11) 1/2-1/2